Education policies and programmes (Record no. 166750)
[ view plain ]
| 000 -LEADER | |
|---|---|
| fixed length control field | 00438nam a22001337a 4500 |
| 020 ## - INTERNATIONAL STANDARD BOOK NUMBER | |
| ISBN | 81-7648-470-9 |
| 082 ## - DEWEY DECIMAL CLASSIFICATION NUMBER | |
| Edition number | 23rd. |
| Classification number | 371.207 |
| 245 ## - TITLE STATEMENT | |
| Title | Education policies and programmes |
| Statement of responsibility, etc | edited by Digumarti Bhaskara Rao and B. Surya Venkata Dutt |
| 260 ## - PUBLICATION, DISTRIBUTION, ETC. (IMPRINT) | |
| Place of publication | New Delhi |
| Name of publisher | APH Publishing |
| Year of publication | 2011 |
| 300 ## - PHYSICAL DESCRIPTION | |
| Number of Pages | xiii, 190p. ; |
| Dimensions | 24cm. |
| 650 ## - SUBJECT ADDED ENTRY--TOPICAL TERM | |
| Topical Term | Educational planning |
| 700 ## - ADDED ENTRY--PERSONAL NAME | |
| Personal name | Rao, Digumarti Bhaskara ed. |
| 700 ## - ADDED ENTRY--PERSONAL NAME | |
| Personal name | Ditt, B Surya Venkata ed. |
| Withdrawn status | Lost status | Damaged status | Collection code | Home library | Current library | Shelving location | Date acquired | Full call number | Accession Number | Koha item type | Copy number |
|---|---|---|---|---|---|---|---|---|---|---|---|
| ADULT & CONTINUING EDUCATION | North Eastern Hill University | North Eastern Hill University | General Stacks | 21/08/2015 | 371.207 EDU | 320747 | Books | ||||
| ADULT & CONTINUING EDUCATION | North Eastern Hill University | North Eastern Hill University | General Stacks | 25/08/2015 | 371.207 EDU | 320978 | Books | ;1 |
